| 000 | 00650cam a22002293a 4500 | ||
|---|---|---|---|
| 001 | 19049 | ||
| 003 | PGUSA | ||
| 005 | 20140828083414.0 | ||
| 008 | 060815s2006||||xxu|||||s|||||000 | eng d | ||
| 040 |
_aPGUSA _beng |
||
| 042 | _adc | ||
| 050 | 4 | _aHS | |
| 100 | 1 |
_aNewton, Joseph Fort, _d1876-1950 |
|
| 245 | 1 | 4 |
_aThe Builders : _bA Story and Study of Masonry _h[electronic resource] / _cJoseph Fort Newton |
| 260 |
_bProject Gutenberg, _c2006 |
||
| 506 | _aPublic domain in the USA. | ||
| 516 | _aElectronic text | ||
| 653 | _aFreemasons | ||
| 830 | 0 |
_aProject Gutenberg _v19049 |
|
| 856 | 4 | 0 | _uhttp://www.gutenberg.org/ebooks/19049 |
| 942 | _cEB | ||
| 999 |
_c248304 _d248304 |
||